000 005380000a22001690004500
003 MACL
005 20160224131633.0
008 160224b xxu||||| |||| 00| 0 eng d
040 _aMACL
_cMACL
041 _aHindi
082 _a800
100 _aश्री बृजकिशोर चतुर्वेदी
_939990
245 _aआधुनि‍क कविता की भाषा
260 _bगयाप्रसाद एण्‍ड संस
_aआगरा
650 _aLiteracture
_939932
942 _cHIN
_k800
_2ddc
999 _c23793
_d23793